header

Building a resilient workforce (Record no. 188676)

MARC details
000 -LEADER
fixed length control field 01789nam a2200361Ia 4500
245 10 - TITLE STATEMENT
Title Building a resilient workforce
260 ## - PUBLICATION, DISTRIBUTION, ETC. (IMPRINT)
Place of publication Washington, D.C. :
Name of publisher National Academies Press,
Year of publication c2012.
300 ## - PHYSICAL DESCRIPTION
Number of Pages xvi, 231 p. :
Other physical details ill.
650 #0 - SUBJECT ADDED ENTRY--TOPICAL TERM
Topical Term Labor supply
Topical Term Organizational effectiveness
Topical Term Personnel management
Topical Term Resilience (Personality trait)
700 1# - ADDED ENTRY--PERSONAL NAME
Personal name Colvin, Heather M.
Personal name Taylor, Rachel M.
856 40 - ELECTRONIC LOCATION AND ACCESS
Uniform Resource Identifier http://site.ebrary.com/lib/rucke/Doc?id=10578464

No items available.

© 2026 Rongo University
Contact us: librarian | system librarian | Rongo university